Systemy bankowe przyklad Republiki Federalnej Niemiec

Salvato in:
Dettagli Bibliografici
Autore principale: Zawadzka, Zofia
Natura: Libro
Lingua:polacco
Pubblicazione: Warszawa Poltext 1997
Edizione:3. wyd. uzupel.
Serie:Szkola Glówna Handlowa Studia Finansowo-Bankowe
Soggetti:
Tags: Aggiungi Tag
Nessun Tag, puoi essere il primo ad aggiungerne!!

MARC

LEADER 00000nam a2200000 4500
001 c121959
005 20221124075004.2
020 |a 83-85366-64-4 
041 0 |a pol 
044 |a PL 
245 1 0 |a Systemy bankowe  |b przyklad Republiki Federalnej Niemiec  |c Zofia Zawadzka 
250 |a 3. wyd. uzupel. 
264 1 |a Warszawa  |b Poltext  |c 1997 
300 |a 135 s. 
490 1 |a Szkola Glówna Handlowa  |v Studia Finansowo-Bankowe 
830 0 |a Szkola Glówna Handlowa  |v Studia Finansowo-Bankowe 
610 2 0 |a banky 
610 2 0 |a bankovníctvo 
610 2 0 |a banky centrálne 
610 2 0 |a štruktúra organizačná 
610 2 0 |a politika finančná 
610 2 0 |a operácie bankové 
610 2 0 |a rezervy bankové 
610 2 0 |a právo 
610 2 0 |a úver bankový 
610 2 0 |a banky obchodné 
610 2 0 |a Nemecko 
100 1 |a Zawadzka, Zofia